000 01516nam a2200373Ia 4500
001 ebr10451131
003 CaPaEBR
006 m u
007 cr cn|||||||||
008 110120s2011 mau sb 001 0 eng d
010 _z 2011001931
020 _z0984247173
020 _z9780984247172
040 _aCaPaEBR
_cCaPaEBR
035 _a(OCoLC)711004428
050 1 4 _aE158
_b.A46 2011eb
100 1 _aAlthen, Gary.
245 1 0 _aAmerican ways
_h[electronic resource] :
_ba cultural guide to the United States /
_cGary Althen with Janet Bennett.
250 _a3rd ed.
260 _aBoston :
_bIntercultural Press,
_c2011.
300 _axxix, 279 p.
504 _aIncludes bibliographical references and index.
533 _aElectronic reproduction.
_bPalo Alto, Calif. :
_cebrary,
_d2011.
_nAvailable via World Wide Web.
_nAccess may be limited to ebrary affiliated libraries.
650 0 _aAliens
_zUnited States
_vHandbooks, manuals, etc.
650 0 _aIntercultural communication
_zUnited States
_vHandbooks, manuals, etc.
650 0 _aVisitors, Foreign
_zUnited States
_vHandbooks, manuals, etc.
651 0 _aUnited States
_vGuidebooks.
651 0 _aUnited States
_vHandbooks, manuals, etc.
651 0 _aUnited States
_xSocial life and customs
_y1971-
655 7 _aElectronic books.
_2local
700 1 _aBennett, Janet.
710 2 _aebrary, Inc.
856 4 0 _uhttp://site.ebrary.com/lib/rucke/Doc?id=10451131
_zAn electronic book accessible through the World Wide Web; click to view
999 _c249546
_d249546